Sổ tay khởi nghiệp= Startup

Nội dung sách nhằm giúp các bạn trẻ đang tìm hiểu hoặc mong muốn khởi nghiệp sẽ tìm ra con đường cho mình thông qua việc trả lời những câu trả lời những câu hỏi căn bản - là những vấn đề cốt tử khi khởi nghiệp....

Popoln opis

Shranjeno v:
Bibliografske podrobnosti
Format: Knjiga
Jezik:Vietnamese
Izdano: Tp. Hồ Chí Minh Trẻ 2016
Teme:
Oznake: Označite
Brez oznak, prvi označite!
Thư viện lưu trữ: Thư viện Trường Đại học Nam Cần Thơ
LEADER 00987nam a22001817a 4500
001 NCT_148515
008 230410b xxu||||| |||| 00| 0 vie d
999 |c 7651  |d 7651 
020 |a 9786041095670  |c 80000 
082 0 4 |2 23rd ed.  |a 658.11  |b S450T 
245 0 0 |a Sổ tay khởi nghiệp=  |b Startup 
260 |a Tp. Hồ Chí Minh  |b Trẻ  |c 2016 
300 |a 166 tr.  |c 24cm 
520 3 |a Nội dung sách nhằm giúp các bạn trẻ đang tìm hiểu hoặc mong muốn khởi nghiệp sẽ tìm ra con đường cho mình thông qua việc trả lời những câu trả lời những câu hỏi căn bản - là những vấn đề cốt tử khi khởi nghiệp. 
653 |a Quản trị Kinh doanh 
942 |2 ddc  |c BK 
952 |0 0  |1 0  |2 ddc  |4 0  |6 658_110000000000000_S450T  |7 0  |9 27505  |a 000001  |b 000001  |d 2023-04-10  |o 658.11 S450T  |p MD.21759  |r 2023-04-10  |v 80000.00  |w 2023-04-10  |y BK 
980 |a Thư viện Trường Đại học Nam Cần Thơ